On being a teacher : (Record no. 12205)

000 -LEADER
fixed length control field 00749pam a2200229 a 4500
020 ## - INTERNATIONAL STANDARD BOOK NUMBER
ISBN 0803960409
020 ## - INTERNATIONAL STANDARD BOOK NUMBER
ISBN 0803960417 (pbk.)
040 ## - CATALOGING SOURCE
Transcribing agency DLC
082 00 - DEWEY DECIMAL CLASSIFICATION NUMBER
Classification number 371 COR 1993 A019 Or.
100 1# - MAIN ENTRY--AUTHOR NAME
Personal name Zehm, Stanley J.
245 10 - TITLE STATEMENT
Title On being a teacher :
Remainder of title the human dimension /
260 ## - PUBLICATION, DISTRIBUTION, ETC. (IMPRINT)
Place of publication Newbury Park, Calif. :
Name of publisher Corwin Press,
Year of publication c1993.
300 ## - PHYSICAL DESCRIPTION
Number of Pages xiv, 136 p. ;
Dimensions 24 cm.
650 #0 - SUBJECT ADDED ENTRY--TOPICAL TERM
Topical Term Teaching.
650 #0 - SUBJECT ADDED ENTRY--TOPICAL TERM
Topical Term Motivation in education.
650 #0 - SUBJECT ADDED ENTRY--TOPICAL TERM
Topical Term Teachers.
700 1# - ADDED ENTRY--PERSONAL NAME
Personal name Kottler, Jeffrey A.
856 42 - ELECTRONIC LOCATION AND ACCESS
Uniform Resource Identifier http://www.loc.gov/catdir/enhancements/fy0658/92035968-d.html
856 41 - ELECTRONIC LOCATION AND ACCESS
Uniform Resource Identifier http://www.loc.gov/catdir/enhancements/fy0658/92035968-t.html
856 42 - ELECTRONIC LOCATION AND ACCESS
Uniform Resource Identifier http://www.loc.gov/catdir/enhancements/fy0734/92035968-b.html
942 ## - ADDED ENTRY ELEMENTS (KOHA)
Koha item type សៀវភៅភាសាអង់គ្លេស
952 ## - LOCATION AND ITEM INFORMATION (KOHA)
Withdrawn status [LOCAL, KOHA] 0
Holdings
Permanent Location Date acquired Koha item type Lost status Shelving location Barcode Current Location Full call number
Library Block A2017-08-11សៀវភៅភាសាអង់គ្លេស A064A14077Library Block A371 COR 1993 A064 Or.
មជ្ឈមណ្ឌលឯការនៃសាកលវិទ្យាល័យភូមិន្ទកសិកម្មចំការដូង

Powered by Koha